U.S. States with a Lincoln County - Statistics

General Stats
  • This quiz has been taken 1,258 times
  • The average score is 18 of 24
Answer Stats
State % Correct
Nebraska
85%
Washington
85%
Kentucky
82%
Oregon
82%
Kansas
81%
Montana
81%
Arkansas
80%
Wyoming
80%
Colorado
78%
Idaho
78%
Missouri
77%
South Dakota
77%
Minnesota
75%
Nevada
75%
New Mexico
75%
Wisconsin
75%
Georgia
74%
Maine
73%
Mississippi
73%
West Virginia
73%
Oklahoma
72%
Tennessee
72%
North Carolina
70%
Louisiana
66%
No matching quizzes found
Score Distribution
Percent of People with Each Score
Percentile by Number Answered
Your Score History
You have not taken this quiz